000 00619nam a2200205Ia 4500
003 OSt
005 20250805114831.0
008 210210b2002 xxu||||| |||| 00| 0 eng d
040 _cAL
041 _aKannada
082 _a398.2K KESY
100 _aKESHAVABHATTA (Vidvanti).
_dಕೇಶವಭಟ್ಟ (ವಿದವಂತಿ)
_9233976
245 _aYakshagana kaladarshana.
_b ಯಕ್ಷಗಾನ ಕಲಾದರ್ಶನ
260 _aBengaluru
_bKannada Sahithya Parishattu.,
_c2002
300 _a121,vi
650 _aYakshagana
_9233977
690 _aYakshagana
_9233977
906 _aSG04117
942 _2ddc
_cBK
999 _c114996
_d114996